| Tag |
First Indicator |
Second Indicator |
Subfields |
| LEADER |
00000cam a2200000K 4500 |
| 001 |
in00002003273 |
| 005 |
20220106085909.0 |
| 006 |
m d f |
| 008 |
020214s1997 dcu s f000 0 eng d |
| 035 |
|
|
|a (OCoLC)ocm49048260
|
| 040 |
|
|
|a N@F
|b eng
|c N@F
|d OCLCQ
|d GPO
|d MvI
|
| 049 |
|
|
|a WWW
|
| 074 |
|
|
|a 0535-A-03 (online)
|
| 086 |
0 |
|
|a FT 1.32:AU 8/1997
|
| 245 |
1 |
0 |
|a Auto service contracts.
|
| 264 |
|
1 |
|a [Washington, D.C.] :
|b Federal Trade Commission,
|c [1997]
|
| 336 |
|
|
|a text
|b txt
|2 rdacontent
|
| 337 |
|
|
|a computer
|b c
|2 rdamedia
|
| 338 |
|
|
|a online resource
|b cr
|2 rdacarrier
|
| 490 |
1 |
|
|a FTC facts for consumers
|
| 516 |
|
|
|a World Wide Web Resource.
|
| 538 |
|
|
|a Mode of access: Internet from the FTC web site. Address as of 9/7/04: http://www.ftc.gov/bcp/conline/pubs/autos/autoserv.pdf; current access available via PURL.
|
| 500 |
|
|
|a Title from title screen (viewed on Sept. 7, 2004).
|
| 650 |
|
0 |
|a Automobiles
|z United States
|x Maintenance and repair.
|
| 650 |
|
0 |
|a Contracts for work and labor
|z United States.
|
| 776 |
0 |
|
|t Auto service contracts
|h 1 folded sheet
|w (OCoLC)48841350
|
| 830 |
|
0 |
|a FTC facts for consumers.
|
| 856 |
4 |
0 |
|u https://purl.fdlp.gov/GPO/LPS53652
|t 0
|
| 856 |
4 |
0 |
|u https://purl.fdlp.gov/GPO/LPS53652
|t 0
|
| 999 |
f |
f |
|s 041075bd-501c-3090-929e-9d9811907613
|i 47d3061d-cf96-32a4-afbf-c5f61f94d8c8
|t 0
|
| 952 |
f |
f |
|a Texas A&M University
|b College Station
|c Electronic Resources
|d Available Online
|t 0
|e FT 1.32:AU 8/1997
|h Superintendent of Documents classification
|
| 998 |
f |
f |
|a FT 1.32:AU 8/1997
|t 0
|l Available Online
|